| 000 -LEADER |
| fixed length control field |
01030cam a22002534a 4500 |
| 001 - CONTROL NUMBER |
| control field |
12546237 |
| 005 - DATE AND TIME OF LATEST TRANSACTION |
| control field |
20240213113415.0 |
| 008 - FIXED-LENGTH DATA ELEMENTS--GENERAL INFORMATION |
| fixed length control field |
010926s2001 enka 001 0 eng |
| 020 ## - INTERNATIONAL STANDARD BOOK NUMBER |
| International Standard Book Number |
007136207Xx |
| 041 ## - LANGUAGE CODE |
| Language code of text/sound track or separate title |
eng |
| 080 ## - UNIVERSAL DECIMAL CLASSIFICATION NUMBER |
| Universal Decimal Classification number |
004.2 C-21 |
| 100 1# - MAIN ENTRY--PERSONAL NAME |
| Personal name |
Carter, Nicholas |
| Fuller form of name |
|
| 9 (RLIN) |
12395 |
| 245 10 - TITLE STATEMENT |
| Title |
Schaum's outline of computer architecture / |
| Statement of responsibility, etc. |
Nicholas Carter. |
| 264 ## - PRODUCTION, PUBLICATION, DISTRIBUTION, MANUFACTURE, AND COPYRIGHT NOTICE |
| Place of production, publication, distribution, manufacture |
New York : |
| Name of producer, publisher, distributor, manufacturer |
McGraw-Hill, |
| Date of production, publication, distribution, manufacture, or copyright notice |
2001. |
| 300 ## - PHYSICAL DESCRIPTION |
| Extent |
306 p. : |
| Other physical details |
ill. ; |
| Dimensions |
28 cm. |
| 490 0# - SERIES STATEMENT |
| Series statement |
Schaum's outline series |
| 653 ## - INDEX TERM--UNCONTROLLED |
| keyword |
საინფორმაციო ტექნოლოგიები |
| 653 ## - INDEX TERM--UNCONTROLLED |
| keyword |
გამოთვლითი მექანიკა |
| 653 ## - INDEX TERM--UNCONTROLLED |
| keyword |
კომპიუტერი არქიტექტურაში |
| 700 ## - ADDED ENTRY--PERSONAL NAME |
| Personal name |
Gilson, Barbara |
| Relator term |
რედაქტორი |
| 9 (RLIN) |
12396 |
| 856 42 - ELECTRONIC LOCATION AND ACCESS |
| Materials specified |
Contributor biographical information |
| Uniform Resource Identifier |
http://www.loc.gov/catdir/bios/mh041/2001052142.html |
| 856 42 - ELECTRONIC LOCATION AND ACCESS |
| Materials specified |
Publisher description |
| Uniform Resource Identifier |
http://www.loc.gov/catdir/description/mh024/2001052142.html |
| 942 ## - ADDED ENTRY ELEMENTS (KOHA) |
| Source of classification or shelving scheme |
|
| Koha item type |
წიგნი |